| 000 | 00923 a2200277 4500 | ||
|---|---|---|---|
| 001 | 200129615 | ||
| 003 | TR-AnTOB | ||
| 005 | 20241118152804.0 | ||
| 008 | 240806b tu ||||| |||| 00| 0 tur d | ||
| 020 | _a9789751736079 | ||
| 040 |
_aTR-AnTOB _cTR-AnTOB |
||
| 041 |
_aeng _htur |
||
| 050 |
_aDS156.N45 _bB37 2012 |
||
| 090 | _aDS156 .N45 B37 2012 | ||
| 100 |
_aBaşgelen, Nezih _924453 |
||
| 245 | 1 | 0 |
_aMount nemrut / _cNezih Başgelen. |
| 264 | 1 |
_aAnkara: _bMinistry of Culture and Tourism, _c2012 |
|
| 300 | _a168 p.: ill. map; 20 cm | ||
| 490 | 0 | _aRepublica of Turkey Ministry of Culture and Tourism General Directorate | |
| 650 | 0 |
_aMezarlar _zTürkiye _zNemrut Dağı Höyüğü _990056 |
|
| 650 | 0 |
_aTombs _zTurkey _zNemrut Dağı Mound _990057 |
|
| 651 | 7 |
_aNemrut Dağı Höyüğü (Türkiye) _2etuturkob _990058 |
|
| 651 | 0 |
_aNemrut Dağı Mound (Turkey) _990059 |
|
| 942 |
_cBK _2lcc |
||
| 999 |
_c200129615 _d31622 |
||